Вып. 11; Адаптивные системы автоматического управления

Detaylı Bibliyografya
Parent link:Адаптивные системы автоматического управления: республиканский межведомственный научно-технический сборник/ Киевский политехнический институт (КПИ). Вып. 11.— , 1973-1992
Dil:Rusça
Baskı/Yayın Bilgisi: 1983
Konular:
Materyal Türü: Kitap
KOHA link:https://koha.lib.tpu.ru/cgi-bin/koha/opac-detail.pl?biblionumber=290226

MARC

LEADER 00000nam2a2200000 4500
001 290226
005 20231102000250.0
020 |a RU  |b 83-41379ж 
035 |a (RuTPU)RU\TPU\book\314774 
090 |a 290226 
100 |a 20150404d1983 k y0rusy5003 ca 
101 0 |a rus 
102 |a UA 
105 |a a z 001zy 
200 0 |a Вып. 11 
210 |d 1983 
215 |d 20 см  |a 138 с.  |c ил. 
320 |a Библиография в конце статей 
461 1 |0 (RuTPU)RU\TPU\book\284295  |t Адаптивные системы автоматического управления  |o республиканский межведомственный научно-технический сборник  |f Киевский политехнический институт (КПИ)  |v Вып. 11  |d 1973-1992 
606 1 |a Автоматические системы управления  |x Приспосабливающиеся  |2 stltpush  |3 (RuTPU)RU\TPU\subj\898  |9 29704 
610 1 |a системы автоматического управления 
610 1 |a функционирование 
610 1 |a приспосабливание 
610 1 |a самонастраивающиеся системы 
610 1 |a системы с переменными параметрами 
610 1 |a системы со случайными воздействиями 
610 1 |a объекты управления 
610 1 |a идентификация 
610 1 |a адаптация 
610 1 |a АСУ 
610 1 |a роботизированное производство 
675 |a 681.513.6  |z rus  |v 4 
801 0 |a RU  |b RuMRKP  |c 19950704  |g psbo 
801 1 |a RU  |b 63413507  |c 20150404 
801 2 |a RU  |b 63413507  |c 20180305  |g RCR 
942 |c BK